| 000 | 00750nam a2200241 4500 | ||
|---|---|---|---|
| 001 | 45716 | ||
| 003 | ES-MaACL | ||
| 005 | 20250815045310.0 | ||
| 007 | t| | ||
| 008 | 030326s1956 sp |||| |dspa d | ||
| 080 | _a946"1873/74" | ||
| 100 | 1 |
_aComín Colomer, Eduardo, _d1908-1975 _940010 |
|
| 245 | 1 | 0 |
_aHistoria de la Primera República / _cEduardo Comín Colomer. |
| 250 | _a1ª ed. | ||
| 260 |
_aBarcelona : _bAHR, _c1956. |
||
| 300 |
_a591 p., [18] p. de lám. grab. ; _c19 cm. |
||
| 490 | 1 | _aLa historia ignorada | |
| 599 | _aLám.: retr. | ||
| 651 | 4 |
_aEspaña- _xHistoria- _y1873-1874, I República. _98263 |
|
| 830 | 0 | 3 |
_aLa historia ignorada _9182068 |
| 852 |
_aES-MaACL _jC-11045 _z. - rúst. |
||
| 999 |
_c45716 _d45716 |
||